000 00788nab a2200253 4500
003 BR-BrBNA
005 20250505230734.0
008 250505b bl.||||| |||| 00| 0 por d
040 _aBR-BrBNA
_bpor
072 _aQ60 ; J15 ; E70
_b8968
100 _aNetto, Ibiapaba
245 _aDo pasto para o carro
_bAgronegócios
500 _a2 illus.
650 _aCOURO
650 _aPRODUTO DE ORIGEM ANIMAL
650 _aPELE
650 _aCURTUME
650 _aPROCESSAMENTO
650 _aVEÍCULO
650 _a COMERCIALIZAÇÃO
773 0 _01706
_9347863
_dSão Paulo-SP Editora Três Ltda - E-mail: luizfsa@revistadinheiro.com.br 2004
_o2025-0364
_tDinheiro Rural (Brazil)
_x1807-3700
_gv. 4(33) p. 51; (Jul 2007)
_wBR2025001015
942 _cANA
999 _c331322
_d331322